000 01101nam a2200289 a 4500
001 ebr10633953
003 CaPaEBR
006 m u
007 cr cn|||||||||
008 121220s2009 wlk sb 001 0 eng d
020 _z9780708321461
020 _z9780708322338 (e-book)
040 _aCaPaEBR
_cCaPaEBR
035 _a(OCoLC)430944630
050 1 4 _aJC423
_b.M53 2009eb
100 1 _aMichaud, Marilyn.
245 1 0 _aRepublicanism and the American Gothic
_h[electronic resource] /
_cMarilyn Michaud.
260 _aCardiff :
_bUniversity of Wales Press,
_c2009.
300 _a197 p.
440 0 _aGothic literary studies
504 _aIncludes bibliographical references and index.
533 _aElectronic reproduction.
_bPalo Alto, Calif. :
_cebrary,
_d2013.
_nAvailable via World Wide Web.
_nAccess may be limited to ebrary affiliated libraries.
650 0 _aRepublicanism.
655 7 _aElectronic books.
_2local
710 2 _aebrary, Inc.
856 4 0 _uhttp://site.ebrary.com/lib/rucke/Doc?id=10633953
_zAn electronic book accessible through the World Wide Web; click to view
999 _c46889
_d46889